[Event "Budapest FS06 FM-B"]
[Site "Budapest"]
[Date "2012.06.02"]
[Round "1"]
[White "Nemeth, Otto"]
[Black "Somogyi, Akos"]
[Result "1-0"]
[WhiteElo "1858"]
[BlackElo "1286"]
[PlyCount "75"]
[EventDate "2012.06.02"]
[EventType "tourn"]
[EventRounds "10"]
[EventCountry "HUN"]
[SourceTitle "CBM 148 Extra"]
[Source "ChessBase"]
[SourceDate "2012.06.22"]
[SourceVersion "1"]
[SourceVersionDate "2012.06.22"]
[SourceQuality "1"]

1. e4 e5 2. Nc3 Bb4 3. Nd5 Ba5 4. b4 Bb6 5. Nxb6 axb6 6. Bb2 d6 7. Bc4 Nf6 8. Qe2 0-0 9. b5 Nbd7 10. f3 c6 11. g4 g5 12. Qf2 d5 13. exd5 cxd5 14. Be2 Nc5 15. Bxe5 Bd7 16. h4 Ne8 17. hxg5 Qxg5 18. Qh2 Qg6 19. d4 f6 20. Bf4 Ne6 21. Bd3 Qg7 22. Bh6 Qf7 23. Bxf8 Nxf8 24. Ne2 Ra5 25. a4 f5 26. gxf5 Bxf5 27. Rg1+ Kh8 28. Qe5+ Ng7 29. Bxf5 Ng6 30. Bxg6 hxg6 31. Nf4 Ra8 32. Rxg6 Re8 33. Re6 Rxe6 34. Nxe6 Qxe6 35. Qxe6 Nxe6 36. c3 Kg7 37. a5 bxa5 38. Rxa5 1-0

[Event "Budapest FS02 FM-B"]
[Site "Budapest"]
[Date "2012.02.11"]
[Round "8"]
[White "Lukacs, Albert"]
[Black "Somogyi, Akos"]
[Result "1-0"]
[WhiteElo "1739"]
[BlackElo "1272"]
[PlyCount "65"]
[EventDate "2012.02.04"]
[EventType "tourn"]
[EventRounds "9"]
[EventCountry "HUN"]
[SourceTitle "CBM 146 Extra"]
[Source "ChessBase"]
[SourceDate "2012.02.29"]
[SourceVersion "1"]
[SourceVersionDate "2012.02.29"]
[SourceQuality "1"]

1. e4 e5 2. Nc3 Nf6 3. f4 Nc6 4. fxe5 Nxe5 5. d4 Ng6 6. Nf3 Bb4 7. Bd3 0-0 8. 0-0 Bxc3 9. bxc3 d6 10. h3 c5 11. Bg5 Qb6 12. Rb1 Qa5 13. Bxf6 gxf6 14. Qe1 Qxa2 15. Nh2 c4 16. Ra1 Qb2 17. Bxc4 Be6 18. Rb1 Qxc2 19. Rf2 Qa4 20. Bb5 Qa5 21. d5 a6 22. dxe6 axb5 23. e7 Rfe8 24. Ng4 Kg7 25. Qe3 Kh8 26. Qf3 Rxe7 27. Qxf6+ Kg8 28. Nh6+ Kf8 29. Nxf7 Qc7 30. Nh6+ Ke8 31. Nf5 Rd7 32. Qe6+ Kd8 33. Qg8+ 1-0

[Event "Budapest FS02 FM-B"]
[Site "Budapest"]
[Date "2012.02.07"]
[Round "4"]
[White "Gruz, Janos"]
[Black "Somogyi, Akos"]
[Result "1-0"]
[WhiteElo "1865"]
[BlackElo "1272"]
[PlyCount "81"]
[EventDate "2012.02.04"]
[EventType "tourn"]
[EventRounds "9"]
[EventCountry "HUN"]
[SourceTitle "CBM 146 Extra"]
[Source "ChessBase"]
[SourceDate "2012.02.29"]
[SourceVersion "1"]
[SourceVersionDate "2012.02.29"]
[SourceQuality "1"]

1. e4 e5 2. Nf3 Nc6 3. Be2 Nf6 4. d3 Bc5 5. h3 0-0 6. 0-0 d5 7. Nbd2 dxe4 8. dxe4 Be6 9. c3 Qd7 10. Qc2 Nh5 11. Nc4 f6 12. b4 b5 13. Ne3 Bxe3 14. Bxe3 a6 15. Rfd1 Qc8 16. Kh2 Rd8 17. Rxd8+ Qxd8 18. Rd1 Qe8 19. a4 Bc4 20. Bxc4+ bxc4 21. Qe2 Qf7 22. Rd5 a5 23. Qxc4 Qe8 24. Rxa5+ Kh8 25. Rxa8 Qxa8 26. a5 h6 27. a6 g5 28. b5 Nd8 29. Qxc7 Ng7 30. a7 Nge6 31. Qb8 Qxb8 32. axb8Q Kg7 33. Bb6 Nf7 34. Qe8 Nd6 35. Qxe6 Nxe4 36. Nxe5 fxe5 37. Qxe5+ Kf7 38. Qxe4 Kg8 39. Qe7 Kh8 40. Bd4+ Kg8 41. Qg7# 1-0

[Event "Budapest FS02 FM-B"]
[Site "Budapest"]
[Date "2012.02.04"]
[Round "1"]
[White "Kormos, Ladislav"]
[Black "Somogyi, Akos"]
[Result "0-1"]
[WhiteElo "1748"]
[BlackElo "1272"]
[PlyCount "74"]
[EventDate "2012.02.04"]
[EventType "tourn"]
[EventRounds "9"]
[EventCountry "HUN"]
[SourceTitle "CBM 146 Extra"]
[Source "ChessBase"]
[SourceDate "2012.02.29"]
[SourceVersion "1"]
[SourceVersionDate "2012.02.29"]
[SourceQuality "1"]

1. e4 e5 2. d4 d6 3. dxe5 dxe5 4. Qxd8+ Kxd8 5. Bc4 f5 6. Nc3 Nf6 7. Bg5 Be7 8. 0-0-0+ Ke8 9. exf5 Bxf5 10. Bxf6 Bxf6 11. Nf3 Nc6 12. Rhe1 Rd8 13. Nd5 Rd7 14. Nxf6+ gxf6 15. Rxd7 Kxd7 16. Nh4 Bg6 17. f4 Re8 18. fxe5 Nxe5 19. Bb3 c6 20. Rf1 Rf8 21. Nf5 Bf7 22. Bxf7 Rxf7 23. Kd2 Ke6 24. b3 Rd7+ 25. Ke2 b5 26. c3 Rd5 27. Nd4+ Ke7 28. Nxc6+ Nxc6 29. Rf4 Re5+ 30. Kf3 Ke6 31. a4 Rd5 32. axb5 Rxb5 33. b4 a5 34. bxa5 Rxa5 35. Rh4 h5 36. g4 hxg4+ 37. Rxg4 Ne5+ 0-1

[Event "Budapest FS10 FM-B"]
[Site "Budapest"]
[Date "2011.10.02"]
[Round "2"]
[White "Somogyi, Akos"]
[Black "Mihajlova, Diana"]
[Result "0-1"]
[WhiteElo "1295"]
[BlackElo "1425"]
[PlyCount "86"]
[EventDate "2011.10.01"]
[EventType "tourn"]
[EventRounds "10"]
[EventCountry "HUN"]
[SourceTitle "CBM 144 Extra"]
[Source "ChessBase"]
[SourceDate "2011.10.28"]
[SourceVersion "1"]
[SourceVersionDate "2011.10.28"]
[SourceQuality "1"]

1. e4 d5 2. exd5 Nf6 3. c4 e6 4. Nc3 exd5 5. d4 Bb4 6. Bd2 dxc4 7. Qe2+ Be6 8. Nf3 0-0 9. g3 Bg4 10. Qe3 Re8 11. Ne5 Bxc3 12. Qxc3 b5 13. Bg2 Nd5 14. Bxd5 Qxd5 15. 0-0 Bh3 16. Qf3 Qxf3 17. Nxf3 Bxf1 18. Kxf1 Nc6 19. d5 Ne7 20. Nd4 a6 21. d6 cxd6 22. Bf4 d5 23. Bd6 Ng6 24. Re1 Red8 25. Be7 Rd7 26. Nc6 d4 27. Bg5 f6 28. Bd2 Rc8 29. Nb4 a5 30. Nc2 Ne5 31. Kg2 b4 32. Re4 c3 33. bxc3 bxc3 34. Bxc3 dxc3 35. Kf1 Rd2 36. Re2 Nf3 37. h4 Rcd8 38. a4 Nh2+ 39. Kg1 Rxe2 40. Ne3 Rxe3 41. fxe3 Rd2 42. Kh1 c2 43. Kg1 c1Q# 0-1